000 00649nam a2200277Ia 4500
005 20260324114837.0
008 008 260324s9999 xx 000 0 eng d
020 _a9780367348175
037 _aEBOOK
040 _aCRL
040 _beng
040 _cCRL
041 _2eng
041 _aeng
084 _qCRL
100 _aYe Zhou
245 0 _aOptoelectronic Organic-Inorganic Semiconductor Heterojunctions
260 _bTaylor and Francis
260 _c2021
365 _a
365 _b355
856 _uhttp://www.taylorfrancis.com/books/9780367348175
942 _cEBOOK
999 _c1742798
_d1742798